000 00327nam a2200121Ia 4500
008 220216s9999 xx 000 0 und d
100 _aSeman Ahmad Shakri Mat
245 0 _aFinishing of rubberwood products
260 _bRubberwood: Processing and utilization
_c1994
300 _a159-171
650 _aRubberwood
942 _cJS
999 _c59422
_d59422